[Event "Championnat de la Loire jeunes"]
[Site "?"]
[Date "2000.12.02"]
[Round "1"]
[White "Bissardon, Jerome"]
[Black "Reissier, Aymeric"]
[Result "0-1"]
[WhiteElo "1199"]
[BlackElo "1350"]
[PlyCount "66"]

1. g3 d5 2. Bg2 Nf6 3. b3 e6 4. Bb2 Nbd7 5. d3 Bd6 6. e3 Nc5 7. Ne2 e5 8. O-O
Bf5 9. Na3 Qd7 10. f4 Ng4 11. Qd2 c6 12. h3 Nh6 13. g4 Be6 14. fxe5 Bc7 15. Nf4
b5 16. Bd4 Bb6 17. Qc3 Qe7 18. b4 g5 19. Nh5 Rb8 20. Ng7+ Kf8 21. Nxe6+ Qxe6
22. Bxc5+ Bxc5 23. Qxc5+ Kg7 24. Qxa7 Ra8 25. Qd4 Rxa3 26. e4 Rd8 27. Qb6 Raa8
28. Qc7 Rd7 29. Qb6 Rc8 30. Rf6 Qxe5 31. Rxc6 Qxa1+ 32. Kf2 Rxc6 33. Qxc6 Qf6+
0-1

[Event "Championnat de la Loire jeunes"]
[Site "?"]
[Date "2000.12.02"]
[Round "1"]
[White "Treveys, Maxime"]
[Black "Bourgin, Christian"]
[Result "1-0"]
[WhiteElo "1340"]
[BlackElo "1199"]
[PlyCount "49"]

1. c4 e5 2. Nc3 Nc6 3. Nf3 Bd6 4. g3 Nf6 5. Bg2 O-O 6. O-O Nh5 7. d3 Bb4 8. Nd5
Nd4 9. Nxb4 Nxf3+ 10. Bxf3 g6 11. Qc2 d6 12. Bh6 Bh3 13. Rfe1 Re8 14. Qb3 Qd7
15. Bxb7 Rab8 16. Bc6 Rxb4 17. Bxd7 Rxb3 18. axb3 Bxd7 19. Rxa7 Rc8 20. Rea1
Bg4 21. Ra8 Nf6 22. Rxc8+ Bxc8 23. Ra8 Nd7 24. Rxc8+ Nf8 25. Rxf8# 1-0

[Event "Championnat de la Loire jeunes"]
[Site "?"]
[Date "2000.12.02"]
[Round "1"]
[White "Bruyas, Benjamin"]
[Black "Reissier, Amandine"]
[Result "0-1"]
[WhiteElo "1199"]
[BlackElo "1320"]
[PlyCount "44"]

1. e4 e6 2. d4 d5 3. e5 c5 4. Be3 Qb6 5. b3 Nc6 6. Nf3 a5 7. c4 Be7 8. Nc3 Nb4
9. cxd5 exd5 10. Bb5+ Bd7 11. Bd3 Rd8 12. Ng5 cxd4 13. Bxd4 Qxd4 14. Qd2 Nxd3+
15. Kd1 Bxg5 16. Ne2 Qxa1+ 17. Nc1 Bxd2 18. Kxd2 Qb2+ 19. Kxd3 Bf5+ 20. Ke3
Qxe5+ 21. Kf3 Qe4+ 22. Kg3 Qg4# 0-1

[Event "Championnat de la Loire jeunes"]
[Site "?"]
[Date "2000.12.02"]
[Round "1"]
[White "Farge, Damien"]
[Black "Jourdy, Yohann"]
[Result "0-1"]
[WhiteElo "1299"]
[BlackElo "1199"]
[PlyCount "90"]

1. d4 d5 2. Nc3 Nf6 3. Nf3 Nc6 4. e3 e6 5. Bd3 Bb4 6. O-O O-O 7. a3 Bxc3 8.
bxc3 Re8 9. Ng5 g6 10. Rb1 e5 11. Qf3 Bg4 12. Qg3 e4 13. Rxb7 exd3 14. cxd3 Rb8
15. Rxc7 Rc8 16. Rxf7 h6 17. Rxa7 Nxa7 18. f3 Be6 19. Qe5 Rc6 20. c4 Bd7 21.
cxd5 Rxe5 22. dxe5 Rc3 23. Rd1 Nxd5 24. Kf2 Qxg5 25. f4 Qe7 26. Bd2 Rxd3 27.
Bb4 Qxb4 28. axb4 Rxd1 29. e4 Nxb4 30. Ke3 Re1+ 31. Kd4 Nbc6+ 32. Kd5 Rd1+ 33.
Kc5 Ne7 34. Kb6 Nac8+ 35. Kc7 Ba4 36. e6 Bb3 37. f5 gxf5 38. exf5 Nxf5 39. Kxc8
Bxe6+ 40. Kb8 Rd7 41. g4 Nd6 42. h4 Rb7+ 43. Ka8 Bd5 44. g5 Nc8 45. gxh6 Nb6#
0-1

[Event "Championnat de la Loire jeunes"]
[Site "?"]
[Date "2000.12.02"]
[Round "1"]
[White "Pinte, Damien"]
[Black "Bech, Mickael"]
[Result "1-0"]
[WhiteElo "1199"]
[BlackElo "1199"]
[PlyCount "35"]

1. e4 e5 2. Nf3 Nc6 3. Bc4 Bc5 4. Nc3 f6 5. d3 a5 6. O-O f5 7. exf5 b5 8. Bxb5
Nf6 9. Bg5 d5 10. Bxc6+ Bd7 11. Bxd7+ Kxd7 12. Nxe5+ Ke8 13. Re1 Ra6 14. Bxf6
Rxf6 15. Nc6+ Kf8 16. Nxd8 Rxf5 17. Qe2 h5 18. Qe8# 1-0

[Event "Championnat de la Loire jeunes"]
[Site "?"]
[Date "2000.12.02"]
[Round "1"]
[White "Djaballah, Rayan"]
[Black "Vernay, Clovis"]
[Result "0-1"]
[WhiteElo "1099"]
[BlackElo "1580"]
[PlyCount "86"]

1. e4 c5 2. Bc4 Nc6 3. d3 Nf6 4. Nf3 d6 5. Bd2 Bg4 6. O-O e6 7. Bf4 Be7 8. Nbd2
O-O 9. b3 a6 10. a4 Rb8 11. Qe2 b5 12. Bd5 exd5 13. exd5 Nxd5 14. Qe4 Nxf4 15.
Qxc6 Re8 16. Qxa6 Qc7 17. axb5 Ne2+ 18. Kh1 Nc3 19. Qa7 Rb7 20. Qa5 Qxa5 21.
Rxa5 Nxb5 22. Ne4 d5 23. Neg5 h6 24. Nh3 Nc7 25. c4 Rxb3 26. cxd5 Nxd5 27. d4
Bxh3 28. dxc5 Rxf3 29. gxf3 Bxf1 30. c6 Nc7 31. Ra1 Bh3 32. Re1 Bd6 33. Rxe8+
Nxe8 34. Kg1 Bc5 35. f4 Kf8 36. f5 Ke7 37. Kh1 Kf6 38. Kg1 Kxf5 39. c7 Nxc7 40.
Kh1 Ke4 41. Kg1 Kf3 42. Kh1 Bg2+ 43. Kg1 Bxf2# 0-1

[Event "Championnat de la Loire jeunes"]
[Site "?"]
[Date "2000.12.02"]
[Round "1"]
[White "Valet, Godeffroy"]
[Black "Gidrol, Thibault"]
[Result "1-0"]
[WhiteElo "1420"]
[BlackElo "1009"]
[PlyCount "39"]

1. e4 Nf6 2. e5 Nc6 3. exf6 d5 4. fxe7 Nxe7 5. d4 g5 6. Bxg5 Bh6 7. Bxh6 Be6 8.
Nf3 Nf5 9. Bg5 f6 10. Bf4 O-O 11. Bd3 Rc8 12. Bxf5 Bxf5 13. Nh4 Qd7 14. Nxf5
Qxf5 15. Qf3 Qe6+ 16. Be3 Rfd8 17. O-O c5 18. Qg3+ Kh8 19. Bh6 Rc6 20. Qg7# 1-0

[Event "Championnat de la Loire jeunes"]
[Site "?"]
[Date "2000.12.02"]
[Round "1"]
[White "Monceix, Joy"]
[Black "Reissier, Jordan"]
[Result "0-1"]
[WhiteElo "1009"]
[BlackElo "1150"]
[PlyCount "38"]

1. d4 e6 2. e4 d5 3. exd5 exd5 4. c3 g6 5. Qd3 Nf6 6. Qf3 Bg7 7. Bg5 O-O 8. g4
Bxg4 9. Qxg4 Nxg4 10. Nf3 Bf6 11. b4 Bxg5 12. Nxg5 Qxg5 13. Bh3 Qf4 14. Rg1
Qxf2+ 15. Kd1 Qxg1+ 16. Bf1 Qxf1+ 17. Kc2 Ne3+ 18. Kb3 Qd1+ 19. Ka3 Nc4# 0-1

[Event "Championnat de la Loire jeunes"]
[Site "?"]
[Date "2000.12.02"]
[Round "1"]
[White "Benvenuto, Heloise"]
[Black "Savori, Bruno"]
[Result "1-0"]
[WhiteElo "1099"]
[BlackElo "1009"]
[PlyCount "49"]

1. e4 Nf6 2. d4 Nxe4 3. Bd3 d5 4. f3 e5 5. fxe4 exd4 6. exd5 Qe7+ 7. Ne2 Qh4+
8. g3 Qf6 9. g4 Qa6 10. Bxa6 bxa6 11. Nxd4 Bd7 12. Qe2+ Kd8 13. Bg5+ Kc8 14. d6
Bxd6 15. Qg2 Nc6 16. Nxc6 Bxc6 17. Qxc6 f6 18. Qxa8+ Kd7 19. Qxh8 Bxh2 20. Rxh2
fxg5 21. Rd2+ Ke6 22. Qxh7 Kf6 23. Rf2+ Ke7 24. Qxg7+ Kd8 25. Rf8# 1-0

[Event "Championnat de la Loire jeunes"]
[Site "?"]
[Date "2000.12.02"]
[Round "2"]
[White "Reissier, Aymeric"]
[Black "Pinte, Damien"]
[Result "0-1"]
[WhiteElo "1350"]
[BlackElo "1199"]
[PlyCount "54"]

1. d4 Nf6 2. Nf3 g6 3. g3 Bg7 4. Nbd2 Nc6 5. b3 O-O 6. Bg2 d6 7. c4 e5 8. d5
Ne7 9. e4 c6 10. O-O Bd7 11. Bb2 Qc8 12. Qc2 Bh3 13. Ng5 Bxg2 14. Kxg2 Bh6 15.
Ngf3 Bxd2 16. Qxd2 Nxe4 17. Qh6 Nf5 18. Qc1 c5 19. Re1 Nf6 20. a3 Nd4 21. Nxd4
cxd4 22. a4 Nh5 23. Ba3 Qg4 24. Bxd6 Nf4+ 25. Kg1 Nh3+ 26. Kf1 Qf3 27. Re2 Qh1#
0-1

[Event "Championnat de la Loire jeunes"]
[Site "?"]
[Date "2000.12.02"]
[Round "2"]
[White "Reissier, Amandine"]
[Black "Treveys, Maxime"]
[Result "0-1"]
[WhiteElo "1320"]
[BlackElo "1340"]
[PlyCount "62"]

1. d4 Nf6 2. Bf4 g6 3. e3 Bg7 4. Bd3 O-O 5. Nf3 Nc6 6. O-O d6 7. Nbd2 Nb4 8.
Qe2 Nxd3 9. Qxd3 h6 10. h3 Nh5 11. Rfe1 b6 12. c3 Bb7 13. b4 Qe8 14. Qe2 e5 15.
dxe5 dxe5 16. Bh2 e4 17. Nd4 Rd8 18. Bxc7 Rd7 19. Bf4 Qc8 20. Rec1 Nxf4 21.
exf4 Qa8 22. f3 Re8 23. Re1 Kf8 24. Rac1 Rde7 25. Qf1 Qd8 26. N2b3 Qd6 27. f5
e3 28. f4 h5 29. Re2 Bh6 30. g3 Qd5 31. Rcc2 Qh1# 0-1

[Event "Championnat de la Loire jeunes"]
[Site "?"]
[Date "2000.12.02"]
[Round "2"]
[White "Jourdy, Yohann"]
[Black "Bissardon, Jerome"]
[Result "1-0"]
[WhiteElo "1199"]
[BlackElo "1199"]
[PlyCount "85"]

1. c4 e5 2. e4 b6 3. Nc3 d6 4. d3 Nh6 5. Nf3 Bg4 6. Be2 Be7 7. h3 Bh5 8. Nd5 c6
9. Nxe7 Qxe7 10. Be3 Nd7 11. Qd2 Ng8 12. Rc1 Ngf6 13. Bg5 h6 14. Bh4 Rg8 15.
O-O O-O-O 16. Qc2 g5 17. Bg3 g4 18. hxg4 Bxg4 19. Qa4 Nc5 20. Qc2 Nh5 21. Bh4
Qd7 22. Bxd8 Qxd8 23. b4 Bxf3 24. Bxf3 Ng3 25. fxg3 Rxg3 26. bxc5 Qh4 27. Rf2
Rg5 28. cxd6 Rg3 29. Qa4 b5 30. Qa6+ Kd7 31. Qxa7+ Kxd6 32. cxb5 cxb5 33. Qa6+
Ke7 34. Rc7+ Ke8 35. Qa8+ Qd8 36. Rc8 b4 37. Rxd8+ Ke7 38. Re8+ Kf6 39. Qc6+
Kg5 40. Rg8+ Kf4 41. Bh5+ Ke3 42. Rxg3+ Kd4 43. Qc4# 1-0

[Event "Championnat de la Loire jeunes"]
[Site "?"]
[Date "2000.12.02"]
[Round "2"]
[White "Bourgin, Christian"]
[Black "Farge, Damien"]
[Result "0-1"]
[WhiteElo "1199"]
[BlackElo "1299"]
[PlyCount "60"]

1. e4 e5 2. Nf3 Nc6 3. Nc3 Nf6 4. d4 exd4 5. Nxd4 Nxd4 6. Qxd4 b6 7. Bg5 Bc5 8.
Qe5+ Be7 9. Bf4 d6 10. Qg5 h6 11. Bb5+ Bd7 12. Qh4 O-O 13. h3 a6 14. Be2 b5 15.
e5 Nh5 16. Bxh5 Bxh4 17. g3 g5 18. gxh4 gxf4 19. Rg1+ Kh8 20. O-O-O Bxh3 21. a4
Qxh4 22. Bf3 dxe5 23. Ne2 Qxf2 24. Rgf1 Bxf1 25. Rxf1 Qxf1+ 26. Kd2 Qxf3 27.
Ke1 Rad8 28. axb5 Rd6 29. c4 Rfd8 30. bxa6 Rd1# 0-1

[Event "Championnat de la Loire jeunes"]
[Site "?"]
[Date "2000.12.02"]
[Round "2"]
[White "Bech, Mickael"]
[Black "Bruyas, Benjamin"]
[Result "0-1"]
[WhiteElo "1199"]
[BlackElo "1199"]
[PlyCount "42"]

1. d4 e6 2. e4 d5 3. exd5 exd5 4. f4 Nc6 5. Be3 Bf5 6. Bd3 g6 7. Bxf5 gxf5 8.
b4 Nxb4 9. a3 Nc6 10. h4 Qe7 11. Ne2 O-O-O 12. O-O Qxe3+ 13. Rf2 Nf6 14. Nd2
Rg8 15. a4 Ng4 16. Ng3 Qxf2+ 17. Kh1 Qxg3 18. Kg1 Qf2+ 19. Kh1 Nge5 20. g3 Qxg3
21. dxe5 Qg2# 0-1

[Event "Championnat de la Loire jeunes"]
[Site "?"]
[Date "2000.12.02"]
[Round "2"]
[White "Vernay, Clovis"]
[Black "Benvenuto, Heloise"]
[Result "1-0"]
[WhiteElo "1580"]
[BlackElo "1099"]
[PlyCount "83"]

1. d4 d5 2. c4 e5 3. dxe5 dxc4 4. Qxd8+ Kxd8 5. e4 Bb4+ 6. Bd2 Bxd2+ 7. Nxd2
Nc6 8. O-O-O Nxe5 9. Nxc4+ Bd7 10. Nxe5 Nf6 11. Nxf7+ Ke7 12. Nxh8 Rxh8 13. e5
Ne4 14. Nf3 Nxf2 15. Bc4 Nxd1 16. Rxd1 Ba4 17. b3 Bxb3 18. axb3 c6 19. e6 b5
20. Rd7+ Ke8 21. Rxa7 bxc4 22. Ra8+ Ke7 23. Rxh8 c3 24. Rxh7 Kf6 25. e7 Kxe7
26. Rxg7+ Kf6 27. Kc2 Kxg7 28. Kxc3 Kf6 29. Kc4 Ke6 30. Kc5 Kd7 31. Ne5+ Kc7
32. Nxc6 Kd7 33. b4 Kc7 34. b5 Kb7 35. b6 Ka6 36. h4 Kb7 37. h5 Ka6 38. h6 Kb7
39. h7 Ka8 40. h8=Q+ Kb7 41. Qb8+ Ka6 42. Qa8# 1-0

[Event "Championnat de la Loire jeunes"]
[Site "?"]
[Date "2000.12.02"]
[Round "2"]
[White "Teyssier, Clement"]
[Black "Valet, Godeffroy"]
[Result "0-1"]
[WhiteElo "1009"]
[BlackElo "1420"]
[PlyCount "34"]

1. e3 e6 2. Bd3 d5 3. e4 c5 4. Qe2 c4 5. e5 cxd3 6. Qxd3 Nc6 7. Nf3 Nh6 8. Ng5
Nf5 9. g3 Nxe5 10. Qb5+ Qd7 11. Ne4 Qxb5 12. Nec3 Nf3+ 13. Kd1 Qc4 14. d3 Qg4
15. Rg1 Nxg1+ 16. Ke1 Bb4 17. d4 Qe2# 0-1

[Event "Championnat de la Loire jeunes"]
[Site "?"]
[Date "2000.12.02"]
[Round "2"]
[White "Reissier, Jordan"]
[Black "Vocanson, Thibaut"]
[Result "1-0"]
[WhiteElo "1150"]
[BlackElo "1009"]
[PlyCount "53"]

1. d4 d5 2. b3 b6 3. Nc3 Nf6 4. g3 g6 5. Nf3 Bg4 6. Bg2 Nc6 7. O-O e6 8. Bg5
Be7 9. e3 h6 10. Bxf6 Bxf6 11. h3 Bxf3 12. Bxf3 O-O 13. Re1 Bg5 14. e4 dxe4 15.
Nxe4 Nxd4 16. Nxg5 hxg5 17. Bxa8 Qxa8 18. Qxd4 Rd8 19. Qf6 Rd5 20. Rad1 Rf5 21.
Rd8+ Qxd8 22. Qxd8+ Kh7 23. g4 Rc5 24. Qf6 Rxc2 25. Qxf7+ Kh6 26. Rxe6 Rxa2 27.
Qxg6# 1-0

[Event "Championnat de la Loire jeunes"]
[Site "?"]
[Date "2000.12.02"]
[Round "2"]
[White "Savori, Bruno"]
[Black "Djaballah, Rayan"]
[Result "0-1"]
[WhiteElo "1009"]
[BlackElo "1099"]
[PlyCount "110"]

1. Nc3 Nc6 2. Ne4 d5 3. Rb1 dxe4 4. c4 e3 5. dxe3 Qxd1+ 6. Kxd1 e6 7. f4 Bd6 8.
Nh3 Bd7 9. e4 Nge7 10. e3 O-O 11. Bd3 b6 12. Ng1 e5 13. f5 Nb4 14. Be2 Ba4+ 15.
Ke1 Nc2+ 16. Kf2 Nb4 17. Bd2 Bc2 18. Bxb4 Bxb1 19. Be1 c5 20. Nh3 Bxa2 21. Bg4
Bxc4 22. f6 gxf6 23. Kg1 Bd3 24. Be2 Bxe2 25. Kf2 Bg4 26. Bc3 Bxh3 27. gxh3 a5
28. Ra1 Ra7 29. Rd1 a4 30. Rxd6 a3 31. Rxf6 a2 32. b3 a1=Q 33. Bxa1 Rxa1 34.
Rxb6 Rb1 35. h4 Nc8 36. Rb4 cxb4 37. Kf3 Rxb3 38. h5 Ra3 39. h6 b3 40. Kf2 b2
41. h4 b1=Q 42. h5 Qxe4 43. Ke2 Qxe3+ 44. Kd1 Qxh6 45. Ke2 Qxh5+ 46. Ke1 f5 47.
Kf2 f4 48. Kf1 e4 49. Ke1 f3 50. Kd1 f2+ 51. Kc1 Ra2 52. Kb1 Rd2 53. Ka1 Nb6
54. Kb1 Nc4 55. Ka1 f1=Q# 0-1

[Event "Championnat de la Loire jeunes"]
[Site "?"]
[Date "2000.12.03"]
[Round "3"]
[White "Treveys, Maxime"]
[Black "Jourdy, Yohann"]
[Result "1-0"]
[WhiteElo "1340"]
[BlackElo "1199"]
[PlyCount "47"]

1. d4 d5 2. Nf3 Nc6 3. Nc3 Nf6 4. g3 e6 5. Bg2 Bb4 6. Bd2 O-O 7. a3 Bd6 8. O-O
Bd7 9. Nb5 Be7 10. Bf4 Ne8 11. Nc3 Bd6 12. Qd2 Nf6 13. Ne5 Bxe5 14. dxe5 d4 15.
Nd1 Nd5 16. Bg5 Qc8 17. c4 Nb6 18. Bxc6 Bxc6 19. Qxd4 Qd7 20. Qg4 g6 21. Bf6
Nxc4 22. Qg5 Qd5 23. f3 Qc5+ 24. Kh1 1-0

[Event "Championnat de la Loire jeunes"]
[Site "?"]
[Date "2000.12.03"]
[Round "3"]
[White "Pinte, Damien"]
[Black "Reissier, Amandine"]
[Result "0-1"]
[WhiteElo "1199"]
[BlackElo "1320"]
[PlyCount "96"]

1. e4 e6 2. d4 d5 3. exd5 exd5 4. Nc3 Nf6 5. Nf3 Bd6 6. Bd3 O-O 7. Bg5 h6 8.
Bxf6 Qxf6 9. Nxd5 Qe6+ 10. Ne3 Bf4 11. O-O Bxe3 12. fxe3 Qxe3+ 13. Kh1 Bg4 14.
Re1 Qf2 15. Rf1 Qe3 16. Re1 Qf4 17. Qe2 Nd7 18. Rf1 Rae8 19. Qf2 Re7 20. Rae1
Rfe8 21. Rxe7 Rxe7 22. Re1 Rxe1+ 23. Qxe1 Bxf3 24. gxf3 Qxf3+ 25. Kg1 g6 26.
Bc4 a6 27. h3 b5 28. Bb3 Nb6 29. Qe8+ Kg7 30. Qe5+ Kf8 31. Qh8+ Ke7 32. Qe5+
Kf8 33. Qc5+ Kg7 34. Qxc7 Na4 35. Qe5+ Kg8 36. d5 Qd1+ 37. Kg2 Qd2+ 38. Kg1
Qg5+ 39. Qxg5 hxg5 40. d6 Nb6 41. Bd5 Kf8 42. Bc6 f6 43. b3 Kf7 44. c4 Ke6 45.
c5 Nd7 46. a4 bxa4 47. bxa4 Nxc5 48. Be8 Kxd6 0-1

[Event "Championnat de la Loire jeunes"]
[Site "?"]
[Date "2000.12.03"]
[Round "3"]
[White "Farge, Damien"]
[Black "Reissier, Aymeric"]
[Result "0-1"]
[WhiteElo "1299"]
[BlackElo "1350"]
[PlyCount "78"]

1. e4 e6 2. Nc3 Ne7 3. Nf3 d5 4. Bb5+ c6 5. Ne5 Qd6 6. d4 cxb5 7. Nxb5 Qb4+ 8.
Nc3 Nbc6 9. Qh5 Nxe5 10. a3 Qxd4 11. Be3 Qc4 12. Rd1 N7c6 13. b3 Qxc3+ 14. Rd2
Bc5 15. Qg5 Bxe3 16. fxe3 h6 17. Qxg7 Nf3+ 18. gxf3 Qxg7 19. exd5 exd5 20. Rxd5
Qc3+ 21. Ke2 Qxc2+ 22. Rd2 Qxb3 23. Ra1 Qb5+ 24. Kf2 b6 25. e4 Qe5 26. h4 Qxa1
27. Rd3 Ba6 28. Re3 Qb2+ 29. Kg3 Rg8+ 30. Kf4 Qf2 31. Rc3 Qd2+ 32. Re3 Qd6+ 33.
e5 Qd4+ 34. Re4 Qxe4+ 35. Kxe4 Rc8 36. f4 Bb7 37. Kf5 Nd4+ 38. Kf6 Rc6+ 39. e6
Rxe6# 0-1

[Event "Championnat de la Loire jeunes"]
[Site "?"]
[Date "2000.12.03"]
[Round "3"]
[White "Bruyas, Benjamin"]
[Black "Bourgin, Christian"]
[Result "1-0"]
[WhiteElo "1199"]
[BlackElo "1199"]
[PlyCount "69"]

1. e4 e6 2. Nc3 Na6 3. Bc4 Bc5 4. d3 Qf6 5. Nf3 Bd6 6. Bg5 Qg6 7. Qd2 h6 8. Bh4
Qxg2 9. Ke2 Bc5 10. Rag1 Qh3 11. Rg3 Qxh4 12. Nxh4 d5 13. exd5 exd5 14. Bxd5 c6
15. d4 cxd5 16. dxc5 Nf6 17. Qd4 Nc7 18. Qe5+ Be6 19. Qxc7 O-O 20. Rhg1 Bg4+
21. Kd2 Rfc8 22. Qxb7 Rcb8 23. Qc6 g5 24. Nxd5 Rd8 25. Kc3 Nxd5+ 26. Kc4 Rab8
27. Rb3 Be2+ 28. Kd4 Nf6+ 29. Ke5 Nd7+ 30. Kf5 Rdc8 31. Qxd7 Rxc5+ 32. Kf6 Rb6+
33. Rxb6 axb6 34. Qxf7+ Kh8 35. Ng6# 1-0

[Event "Championnat de la Loire jeunes"]
[Site "?"]
[Date "2000.12.03"]
[Round "3"]
[White "Bissardon, Jerome"]
[Black "Bech, Mickael"]
[Result "1-0"]
[WhiteElo "1199"]
[BlackElo "1199"]
[PlyCount "55"]

1. g3 e5 2. Bg2 d5 3. b3 Be6 4. Bb2 Bd6 5. e4 dxe4 6. Bxe4 Nc6 7. f4 exf4 8.
Bxg7 fxg3 9. Bxh8 gxh2 10. Nf3 f5 11. Bd3 b6 12. Nxh2 Bg3+ 13. Kf1 a5 14. Qh5+
Bf7 15. Qxh7 Bd6 16. Bc4 Bxc4+ 17. bxc4 a4 18. Qxg8+ Bf8 19. Qe6+ Qe7 20. Qxc6+
Kd8 21. Qxa8+ Kd7 22. Qxa4+ Kd8 23. Nc3 Bh6 24. Re1 Qf7 25. Nd5 Qf8 26. Nf6
Qxh8 27. Re8+ Qxe8 28. Qxe8# 1-0

[Event "Championnat de la Loire jeunes"]
[Site "?"]
[Date "2000.12.03"]
[Round "3"]
[White "Valet, Godeffroy"]
[Black "Reissier, Jordan"]
[Result "1-0"]
[WhiteElo "1420"]
[BlackElo "1150"]
[PlyCount "63"]

1. e4 e6 2. d4 d5 3. e5 c5 4. c3 Nc6 5. Bb5 Qb6 6. Bxc6+ Qxc6 7. Nf3 Bd7 8. O-O
Be7 9. Ne1 Nh6 10. Bxh6 gxh6 11. Qd2 Bf8 12. Nd3 c4 13. Nf4 b5 14. Nh5 a5 15.
Nf6+ Kd8 16. a3 a4 17. Qc2 Ra7 18. Qe2 Ra6 19. Qh5 Be8 20. Qh4 Rb6 21. Nxd5+
Kd7 22. Nxb6+ Qxb6 23. Nd2 Rg8 24. Ne4 Qb7 25. Nf6+ Kc8 26. Nxg8 Qd5 27. Ne7+
Bxe7 28. Qxe7 Bc6 29. f3 h5 30. Qf8+ Kb7 31. Qxf7+ Kb6 32. Qxh7 1-0

[Event "Championnat de la Loire jeunes"]
[Site "?"]
[Date "2000.12.03"]
[Round "3"]
[White "Benvenuto, Heloise"]
[Black "Teyssier, Clement"]
[Result "1-0"]
[WhiteElo "1099"]
[BlackElo "1009"]
[PlyCount "51"]

1. e4 e5 2. Qh5 Bc5 3. Qxe5+ Kf8 4. d4 Nc6 5. Qxc5+ Ke8 6. d5 d6 7. Qe3 h6 8.
dxc6 bxc6 9. Qd4 c5 10. Qxg7 Bf5 11. exf5 Ne7 12. Qxh8+ Kd7 13. Bb5+ Kc8 14.
Qh7 Ng6 15. fxg6 fxg6 16. Ba6+ Kb8 17. Qxg6 c6 18. Qh7 Qb6 19. Qh8+ Kc7 20.
Qxa8 Qb8 21. Qxb8+ Kxb8 22. Bf4 Ka8 23. Nc3 d5 24. Rd1 d4 25. a3 dxc3 26. Rd8#
1-0

[Event "Championnat de la Loire jeunes"]
[Site "?"]
[Date "2000.12.03"]
[Round "3"]
[White "Monceix, Joy"]
[Black "Vernay, Clovis"]
[Result "0-1"]
[WhiteElo "1009"]
[BlackElo "1580"]
[PlyCount "32"]

1. d4 Nf6 2. Qd3 Nc6 3. Nf3 d6 4. Qc3 g6 5. Bg5 Bg7 6. Bf4 Nd5 7. Qc4 Nxf4 8.
Qd3 Nxd3+ 9. exd3 Nxd4 10. Nxd4 Bxd4 11. c4 Bxb2 12. Na3 Bxa1 13. Kd2 c5 14.
Be2 Qa5+ 15. Kc1 Qxa3+ 16. Kb1 Qb2# 0-1

[Event "Championnat de la Loire jeunes"]
[Site "?"]
[Date "2000.12.03"]
[Round "3"]
[White "Djaballah, Rayan"]
[Black "Gidrol, Thibault"]
[Result "1-0"]
[WhiteElo "1099"]
[BlackElo "1009"]
[PlyCount "23"]

1. e4 e5 2. Bc4 Nc6 3. d3 Bb4+ 4. c3 Be7 5. Qf3 Nf6 6. Bg5 h6 7. Bxf6 gxf6 8.
Ne2 Rh7 9. Qf5 Rg7 10. g3 b6 11. O-O Ba6 12. Bxa6 1-0

[Event "Championnat de la Loire jeunes"]
[Site "?"]
[Date "2000.12.03"]
[Round "4"]
[White "Farge, Damien"]
[Black "Treveys, Maxime"]
[Result "0-1"]
[WhiteElo "1299"]
[BlackElo "1340"]
[PlyCount "56"]

1. e4 c5 2. d4 cxd4 3. Qxd4 Nc6 4. Qd3 d6 5. Nc3 Nf6 6. g3 a6 7. Bg2 Qc7 8. Be3
Nb4 9. O-O-O Nxd3+ 10. cxd3 Nd7 11. Nge2 b5 12. b4 a5 13. e5 Rb8 14. Kd2 axb4
15. Nd5 Qa5 16. Rc1 b3+ 17. Nec3 bxa2 18. Ke2 b4 19. Nxa2 Qxa2+ 20. Kf3 Bb7 21.
Rc4 Bxd5+ 22. Re4 Nxe5+ 23. Kf4 Nxd3+ 24. Kg4 Bxe4 25. Bxe4 Qe6+ 26. Bf5 h5+
27. Kh4 Qxf5 28. Ra1 Qg4# 0-1

[Event "Championnat de la Loire jeunes"]
[Site "?"]
[Date "2000.12.03"]
[Round "4"]
[White "Reissier, Aymeric"]
[Black "Bruyas, Benjamin"]
[Result "1-0"]
[WhiteElo "1350"]
[BlackElo "1199"]
[PlyCount "65"]

1. d4 d5 2. Nf3 Nc6 3. g3 Nf6 4. Bg2 Bf5 5. b3 e6 6. Bb2 Nb4 7. Na3 Be4 8. c3
Nc6 9. Nb1 Bd6 10. Nbd2 Bf5 11. c4 Nb4 12. O-O Nc6 13. e3 Ne4 14. c5 Be7 15.
Nxe4 Bxe4 16. Ne5 Bxg2 17. Nxc6 bxc6 18. Kxg2 e5 19. Qg4 g6 20. a4 Rb8 21. dxe5
Rxb3 22. Bd4 Rb4 23. Qf3 Rf8 24. Rab1 Qb8 25. Qd1 Kd7 26. Qg4+ f5 27. exf6+ Ke8
28. fxe7 Kxe7 29. Qg5+ Ke8 30. Qe5+ Kf7 31. Rxb4 Qxb4 32. Qxc7+ Kg8 33. Qg7#
1-0

[Event "Championnat de la Loire jeunes"]
[Site "?"]
[Date "2000.12.03"]
[Round "4"]
[White "Jourdy, Yohann"]
[Black "Pinte, Damien"]
[Result "0-1"]
[WhiteElo "1199"]
[BlackElo "1199"]
[PlyCount "92"]

1. c4 e5 2. e4 Bc5 3. Nf3 Nc6 4. d3 Nf6 5. Bg5 O-O 6. Nc3 h6 7. Be3 Bxe3 8.
fxe3 d6 9. Be2 Be6 10. Nd5 Bxd5 11. exd5 Ne7 12. d4 exd4 13. Nxd4 c6 14. dxc6
Qa5+ 15. Qd2 Qxd2+ 16. Kxd2 bxc6 17. Bd3 Rab8 18. Rab1 Rfe8 19. h3 c5 20. Ne2
Nc6 21. a3 Ne5 22. Nf4 Nxd3 23. Nxd3 Ne4+ 24. Ke1 Ng3 25. Rf1 Nxf1 26. Kxf1
Rxe3 27. Nf4 g5 28. Nd5 Reb3 29. Nf6+ Kg7 30. Nh5+ Kg6 31. g4 Rxb2 32. Rd1 Rb1
33. Ke1 Rxd1+ 34. Kxd1 f5 35. Ng3 Rb3 36. gxf5+ Kf6 37. Ne4+ Kxf5 38. Nxd6+ Kf4
39. a4 h5 40. Nb5 g4 41. hxg4 hxg4 42. Nxa7 g3 43. a5 g2 44. Kc2 Rh3 45. Nc6
g1=Q 46. a6 Qg2+ 0-1

[Event "Championnat de la Loire jeunes"]
[Site "?"]
[Date "2000.12.03"]
[Round "4"]
[White "Reissier, Amandine"]
[Black "Bissardon, Jerome"]
[Result "1-0"]
[WhiteElo "1320"]
[BlackElo "1199"]
[PlyCount "77"]

1. d4 b6 2. Bf4 Bb7 3. e3 g6 4. Bd3 Bxg2 5. Nf3 Bxh1 6. Nbd2 Nc6 7. Qe2 Bg7 8.
Be4 e6 9. Ne5 Rc8 10. Bxh1 f6 11. Bxc6 dxc6 12. Nxc6 Qd5 13. Nxa7 Ra8 14. Nb5
Qh1+ 15. Nf1 Qe4 16. Nxc7+ Kd8 17. Nxa8 Qxa8 18. Qb5 Ne7 19. Qxb6+ Kd7 20. Qd6+
Ke8 21. Qb8+ Kd7 22. Qxa8 Rxa8 23. c4 g5 24. Bg3 Ng6 25. c5 e5 26. d5 f5 27. h3
f4 28. Bh2 Nh4 29. Ke2 f3+ 30. Kd3 Re8 31. Ng3 Ng2 32. Nf5 e4+ 33. Kd2 Bxb2 34.
Rb1 Rb8 35. c6+ Kd8 36. Bxb8 Bf6 37. c7+ Kd7 38. Rc1 g4 39. c8=Q# 1-0

[Event "Championnat de la Loire jeunes"]
[Site "?"]
[Date "2000.12.03"]
[Round "4"]
[White "Bech, Mickael"]
[Black "Bourgin, Christian"]
[Result "0-1"]
[WhiteElo "1199"]
[BlackElo "1199"]
[PlyCount "116"]

1. d4 e6 2. e4 Nf6 3. Bd3 Bd6 4. Be3 O-O 5. Nf3 Ne8 6. Nc3 a5 7. h4 b6 8. Ng5
Ba6 9. Bxa6 Nxa6 10. e5 Be7 11. Rh3 h6 12. Nf3 c5 13. dxc5 bxc5 14. a4 f6 15.
exf6 Nxf6 16. Nb5 Rb8 17. Ne5 d6 18. Nc6 Qe8 19. Nxb8 Nxb8 20. Ra3 Qh5 21. Qxh5
Nxh5 22. Na7 c4 23. Nc6 Nxc6 24. Rf3 Nf6 25. b3 Nb4 26. bxc4 Nxc2+ 27. Ke2 Nxa3
28. Rf4 Nxc4 29. Rxc4 d5 30. Rc7 Kf7 31. Bd2 Ne8 32. Ra7 e5 33. Bxa5 e4 34. Bd2
Ke6 35. a5 Bxh4 36. f4 d4 37. a6 e3 38. Bc1 Kf5 39. Rb7 Nd6 40. Rc7 Kxf4 41. a7
Rc8 42. Rxc8 Ke4 43. a8=Q+ Ke5 44. Rg8 Bf6 45. Qa5+ Ke4 46. Rh8 Nf5 47. Qa8+
Kf4 48. Rb8 h5 49. Ba3 Kg3 50. Rh8 h4 51. Rxh4 Nxh4 52. Qb8+ Kxg2 53. Qc8 d3+
54. Kxd3 Bg5 55. Qg8 Nf5 56. Kc4 e2 57. Kc3 e1=Q+ 58. Kc4 Nh6 0-1